Hàm đa thức và các ứng dụng trong chương trình toán phổ thông

Giới thiệu về hàm đa thức; Ứng dụng hàm đa thức trong chương trình toán phổ thông.

שמור ב:
מידע ביבליוגרפי
מחבר ראשי: Đinh Thị Ngọc Hạnh
מחברים אחרים: Trần Đạo Dõng PGS.TSKH (Hướng dẫn)
פורמט: ספר
שפה:Vietnamese
יצא לאור: Đà Nẵng Đại học Đà Nẵng 2013
נושאים:
תגים: הוספת תג
אין תגיות, היה/י הראשונ/ה לתייג את הרשומה!
Thư viện lưu trữ: Mạng thư viện Đại học Đà Nẵng
LEADER 01532nam a2200349 4500
001 000019410
003 15845
005 20140429080429.0
008 140429s2013 viesd
041 |a vie 
082 1 4 |a 515.55  |b ĐI-H 
100 |a Đinh Thị Ngọc Hạnh 
245 |a Hàm đa thức và các ứng dụng trong chương trình toán phổ thông  |c Đinh Thị Ngọc Hạnh ; Trần Đạo Dõng hướng dẫn.  |k Luận văn Thạc sĩ 
260 |a Đà Nẵng  |b Đại học Đà Nẵng  |c 2013 
300 |a 82 tr., phụ lục 4 tr.  |c 29 cm.  |e Tóm tắt 
500 |a Luận văn thạc sĩ Khoa học. Chuyên ngành: Phương pháp toán sơ cấp. Mã số: 60.46.40. 
520 |a Giới thiệu về hàm đa thức; Ứng dụng hàm đa thức trong chương trình toán phổ thông. 
650 0 4 |a Hàm đa thức  |v Luận văn tốt nghiệp  |x Ứng dụng 
653 |a Hàm đa thức 
653 |a Phương pháp toán sơ cấp 
653 |a Toán học 
700 1 |a Trần Đạo Dõng  |c PGS.TSKH  |e Hướng dẫn 
OWN |a LSP 
AVA |a UDN50  |b LSP  |d 515.55 ĐI-H  |e available  |t Error 5001 Not defined in file expand_doc_bib_avail.  |f 1  |g 0  |h N  |i 0  |k 1 
999 |a From the UDN01 
AVA |a UDN50  |b LSP  |d 515.55 ĐI-H  |e available  |t Error 5001 Not defined in file expand_doc_bib_avail.  |f 1  |g 0  |h N  |i 0  |k 1 
TYP |a Monograph 
TYP |a Printed language 
980 |a Mạng thư viện Đại học Đà Nẵng